| 000 | 01792nam a22004457a 4500 | ||
|---|---|---|---|
| 003 | CHAP | ||
| 005 | 20220329143523.0 | ||
| 008 | 100329s2009 mx r 00010 spa d | ||
| 010 | _a97924 | ||
| 011 | _a98896 | ||
| 035 | _a109581 | ||
| 040 | _cCHAP | ||
| 090 | _aTesis | ||
| 100 | 1 |
_aMartínez Gutíerrez, Pablo. _972130 |
|
| 245 | 1 | 0 |
_aRentabilidad y ventajas comparativas de la producción de maíz grano en el DDR 003 de Leon Guanajuato _c/por Pablo Martínez Gutíerrez y Reyes Baltazar Torres Lugo |
| 260 |
_aChapingo, Méx. : _bEl autor, _c2009 |
||
| 300 |
_aiii, 86 h. : _bcuadros, gráfs. |
||
| 502 | _aTesis (Lic. en Economía Agrícola) -- UACH. División de Ciencias Económico Administrativas | ||
| 530 | _aTambién disponible en línea | ||
| 590 |
_aALEPH _b10 _c20130110 _lUCH01 _h1533 |
||
| 590 |
_aBATCH-UPD _b10 _c20130110 _lUCH01 _h0919 |
||
| 590 |
_aBATCH-UPD _b10 _c20130410 _lUCH01 _h0541 |
||
| 590 |
_aBATCH-UPD _b10 _c20130913 _lUCH01 _h2156 |
||
| 590 |
_aBATCH-UPD _b10 _c20130914 _lUCH01 _h1756 |
||
| 590 |
_aBATCH-UPD _b10 _c20140324 _lUCH01 _h1515 |
||
| 590 |
_aBATCH-UPD _b10 _c20141002 _lUCH01 _h0842 |
||
| 590 |
_aCONVERSION _b10 _c20130109 _lUCH01 _h1354 |
||
| 650 | 1 | 4 |
_aAgricultura de temporal. _91999 |
| 650 | 1 | 4 |
_aAgricultura _xInnovaciones tecnológicas. _91565 |
| 650 | 1 | 4 |
_aMaíz _xComercialización. _970907 |
| 650 | 1 | 4 |
_aMaíz _xGuanajuato. _970969 |
| 650 | 1 | 4 |
_aMaíz _xProducción. _971041 |
| 650 | 1 | 4 |
_aMaíz _xSemilla. _971059 |
| 700 | 1 |
_aTorres Lugo, Reyes Baltazar. _9114160 |
|
| 856 |
_3Finding aid _uhttp://10.13.5.2/tesis/109581.pdf _zTeclea aqui |
||
| 901 | _aBK | ||
| 942 | _cFOLL | ||
| 949 |
_aTesis _bBC _cTES _d33724002109149 _eTS1 _gDonmaciØn _h50197 _i109581 _sb |
||
| 949 |
_aTesis _bBC _cTES _d33724002109181 _eTS2 _fc.2 _gDonaciØn _h50235 _i109581 _sb |
||
| 999 |
_c97924 _d97924 |
||